Les 15 meilleurs buteurs de serie A (saison 2023-2024) - Statistiques

Statistiques générales
  • Ce quiz a été pris 42 fois
  • Le résultat moyen est 9 sur 15
Statistiques - réponses
Classement Nombre de buts Équipe Joueur % Correct
3 15 Milan AC Olivier Giroud
94%
1 24 Inter Milan Lautaro Martinez
92%
7 13 Inter Milan Marcus Thuram
89%
10 13 Rome Romelu Lukaku
86%
2 16 Juventus Dusan Vlahovic
83%
6 13 Rome Paulo Dybala
83%
4 15 Naples Victor Osimhen
81%
15 11 Atalanta Ademola Lookman
69%
12 12 Atalanta Gianluca Scamacca
56%
11 12 Milan AC Christian Pulisic
50%
8 13 Torino Duvan Zapata
36%
9 13 Inter Milan Hakan Calhanoglu
36%
14 12 Fiorentina Nicolas Gonzalez
17%
13 12 Atalanta Teun Koopmeiners
14%
5 14 Genoa Albert Gudmundsson
11%
Aucun quiz correspondant
Distribution des résultats
% des personnes avec chaque résultat
Percentile par nombre de réponses
Votre historique - résultats
Vous n’avez pas pris ce quiz